Rockets and missiles (Record no. 193898)

000 -LEADER
fixed length control field 00960 a2200157 4500
003 - CONTROL NUMBER IDENTIFIER
control field Nust
005 - DATE AND TIME OF LATEST TRANSACTION
control field 20170207154112.0
040 ## - CATALOGING SOURCE
Transcribing agency Nust
082 ## - DEWEY DECIMAL CLASSIFICATION NUMBER
Classification number 357.17182
100 ## - MAIN ENTRY--PERSONAL NAME
Personal name John Humphries
245 ## - TITLE STATEMENT
Title Rockets and missiles
Statement of responsibility, etc. John Humphries
260 ## - PUBLICATION, DISTRIBUTION, ETC.
Place of publication, distribution, etc. London
Name of publisher, distributor, etc. Ernest benn limited
Date of publication, distribution, etc. 1957
300 ## - PHYSICAL DESCRIPTION
Extent 231,p.;
505 ## - FORMATTED CONTENTS NOTE
Formatted contents note Introduction and History (Page-17) Solid Propellant Rocket Motors (Page-26)Liquid Propellants (Page-40) Liquid Propellant Motors – Components (Page-59) Liquid Propellant Motor – Units (page-78) Testing Motors and Liquid Propellants (page-100) Missiles – General and Guidance (Page-112) Missiles – Aerodynamics (page-126) Short-Range Aerodynamic Missiles (Page-133) Long – Range Ballistic Missiles (page-141) Research Missiles and Missile Testing (Page-153) Aircraft Propulsion (page-163) Miscellaneous Rocket Application (Page-178) The Future – Nuclear Energy Space Flight (Page-190)
538 ## - SYSTEM DETAILS NOTE
System details note Almirah No.54 Shelf No.5
942 ## - ADDED ENTRY ELEMENTS (KOHA)
Source of classification or shelving scheme
Koha item type Book
Holdings
Withdrawn status Lost status Source of classification or shelving scheme Damaged status Not for loan Collection code Permanent Location Current Location Date acquired Total Checkouts Full call number Barcode Date last seen Price effective from Koha item type
            Military College of Signals (MCS) Military College of Signals (MCS) 12/12/2016   358.17182 HUM MCS21503 12/08/2016 12/12/2016 Book
© 2023 Central Library, National University of Sciences and Technology. All Rights Reserved.